000 00617nam a2200229Ia 4500
003 OSt
005 20220923212008.0
006 a|||||r|||| 00| 0
007 ta
008 Pun
024 _a101,658
037 _cTextual
040 _aARTS
_cARTS
_bPun
041 _2Pun
_aPun
082 _aV236, 153K6.4
100 _aਫੌਜਾ ਸਿੰਘ
245 0 _aਪੰਜਾਬੀ ਵੀਰ ਪਰੰਪਰਾ ਦਾ ਵਿਕਾਸ
260 _c1966
650 _aਭਾਰਤੀਯ ਇਤਿਹਾਸ
942 _hV236, 153K6.4
_cTEXL
_2CC
999 _c305281
_d305281